| 000 | 01257namaa2200361 i 4500 | ||
|---|---|---|---|
| 003 | EG-GICUC | ||
| 005 | 20260117132546.0 | ||
| 008 | 260117s2007 |||||||gr|||| 001 0 eng d | ||
| 020 |
_a9780773533462 _qbound |
||
| 020 |
_a077353346X _qbound |
||
| 020 |
_a9780773533479 _qpbk. |
||
| 020 |
_a0773533478 _qpbk. |
||
| 040 |
_aEG-GiCUC _beng _cEG-GiCUC _dEG-GiCUC _erda |
||
| 082 | 0 | 4 |
_221 _a121 _bF968 |
| 092 | 0 | 4 |
_221 _a121 _bF968 |
| 099 | _a121 F968 | ||
| 100 | 1 |
_aFuller, Steve, _d1959- _eAuthor. |
|
| 245 | 1 | 4 |
_aThe knowledge book : _bkey concepts in philosophy, science, and culture / _cSteve Fuller. |
| 264 |
_aMontreal ; _aIthaca : _bMcGill-Queen's University Press, _c2007. |
||
| 300 |
_aix, 222 pages ; _c22 cm. |
||
| 336 |
_2rdacontent _atext |
||
| 337 |
_2rdamedia _aUnmediated |
||
| 338 |
_2rdacarrier _avolume |
||
| 504 | _aIncludes bibliographical references (p. 214-219) and index. | ||
| 541 |
_aDr. Jabir Usfour ; _bCairo ; _cGift ; _d2024. |
||
| 650 | 1 |
_aSocial epistemology. _2qrmak |
|
| 650 | 1 |
_aÉpistémologie sociale _vEncyclopédies. |
|
| 650 | 1 |
_aSociologie de la connaissance _vEncyclopédies. |
|
| 650 | 1 |
_aPhilosophie _xAspect social _vEncyclopédies. |
|
| 651 | 1 | _2qrmak | |
| 905 | _aAsmaa | ||
| 942 |
_2ddc _cBK _e21 _n0 |
||
| 999 |
_c177765 _d177765 |
||